Netopier s ťažkými krídlami

Bibliographic Details
Main Author: Svoboda, Juraj, 1933-2023 (Author)
Format: Article
Language:Slovak
PhysicalDescription:Fotogr.
ISSN:0323-2883
Subjects:

MARC

LEADER 00000nab a2200000 a 4500
001 vtls000717385
003 SK-MaSNL
005 20260304170925.0
008 250429c2000 xo 0 slo
015 |a SNBRB2000/03-09088 
035 |a CLN000069552 
035 |a urn:nbn:sk:snk-abdqas 
035 |a (urnnbn)urn:nbn:sk:snk:ar-0017it 
035 |a (uuid)fe9ae57f-4670-4aa2-81f5-4b8688ef3c9d 
040 |a SNKBUCL  |b slo  |c SNKBUCL  |e AACR2 
041 0 |a slo 
044 |a xo  |c SK 
080 |a 792.5  |2 1997 
100 1 |a Svoboda, Juraj,  |d 1933-2023  |4 aut  |9 256138 
240 1 0 |a Netopier 
245 1 0 |a Netopier s ťažkými krídlami  |c Juraj Svoboda 
300 |b Fotogr. 
600 1 7 |a Strauss, Johann,  |d 1825-1899  |t Netopier  |2 snkbucl  |9 29456 
610 7 |a Štátne divadlo Košice.  |b Opera  |2 snkbucl  |9 125500 
651 7 |a Košice (Slovensko)  |2 snkbucl  |9 18694 
655 7 |a články z novín a časopisov  |2 snkbucl  |9 267496 
730 |t Netopier  |9 1243511 
773 0 |t Javisko  |g Roč. 32, č. 2 (2000), s. 13  |x 0323-2883 
850 |a Slovenská národná knižnica 
852 |a Slovenská národná knižnica 
954 |a odborná, vedecká literatúra pôvodná (slovenská)  |2 lita 
958 |a article19 
958 |a OND 
958 |a SK 
958 |a EUIPO 
992 |a RBX 
999 |c 2990739  |d 2992669